Jay-Z Collaborations: Sudden Death - Statistics

General Stats
  • This quiz has been taken 32 times
  • The average score is 5 of 16
Answers on the Grid
Answers color-coded by a green-red scale on the quiz's grid according to % correct below.
50 Cent
Andre 3000
ASAP Rocky
Bon Iver
Bruno Mars
Chris Brown
Drake
Eminem
Frank Ocean
GZA
Ja Rule
Justin Bieber
Justin Timberlake
Kelly Clarkson
Kid Capri
Linkin Park
Mariah Carey
MF Doom
Mos Def
Nelly
Pharrell Williams
Radiohead
Rihanna
Skrillex
Tems
The Notorious B.I.G.
The Weeknd
Travis Scott
Tupac Shakur
Usher
Will Smith
Young Thug
 
Answer Stats
Answer % Correct
Rihanna
55%
Eminem
50%
50 Cent
45%
Drake
45%
Linkin Park
40%
Pharrell Williams
30%
The Notorious B.I.G.
30%
Andre 3000
25%
Frank Ocean
25%
Justin Timberlake
25%
Usher
25%
Bon Iver
20%
Ja Rule
15%
Mariah Carey
15%
Kid Capri
5%
Travis Scott
5%
No matching quizzes found
Score Distribution
Percent of People with Each Score
Percentile by Number Answered
Your Score History
You have not taken this quiz